-
KAR, DR. RAJAT KUMAR & PRABHU, DR. T. PURUSHOTH AND PATEL, DR. KUNAL N
Entry Personal Name
Number of records used in: 1
001 - CONTROL NUMBER
003 - CONTROL NUMBER IDENTIFIER
005 - DATE AND TIME OF LATEST TRANSACTION
- control field:
20240930125044.0
008 - FIXED-LENGTH DATA ELEMENTS
- fixed length control field:
240930|| aca||aabn | a|a d
040 ## - CATALOGING SOURCE
- Original cataloging agency:
JRU
- Transcribing agency:
JRU
100 ## - HEADING--PERSONAL NAME
- Personal name:
KAR, DR. RAJAT KUMAR & PRABHU, DR. T. PURUSHOTH AND PATEL, DR. KUNAL N
670 ## - SOURCE DATA FOUND
- Source citation:
Work cat.: (JRU)8718: KAR, DR. RAJAT KUMAR & PRABHU, DR. T. PURUSHOTH AND PATEL, DR. KUNAL N. , PHARMACEUTICAL JURISPRUDENCE -[ 2.ND ED. ] B.PHARMA. 5TH SEMESTER